Našŷ spivanočkŷ jak d'ivčat vinočkŷ

Bibliographic Details
Main Author: Charitun, Juraj, 1948-2024 (Author)
Other Authors: Potfajová, Eva, 1952- (Illustrator)
Format: Book
Language:Ukrainian
PhysicalDescription:51 strán ilustrované listy 30 cm
Published: Pr'ašiv Občan'ske združin'a Kolŷsočka - Kolíska 2018
ISBN:9788097211554
Edition:Vydan'a perše
Subjects:

MARC

LEADER 00000cam a2200000 4500
001 vtls011843281
003 SK-MaSNL
005 20260301224035.0
008 200228s2018 xo gf cr 000 1 ukr
015 |a SNBA2019/08 
020 |a 9788097211554  |q (brožované) 
035 |a urn:nbn:sk:snk-am00de3e 
035 |a urn:nbn:sk:snk-am3hz31 
035 |a 73BD69BF-423A-4697-B2E7-E10FB027F302 
040 |a SNK  |b slo  |c SNK  |e rda 
041 0 |a ukr 
044 |a xo  |c SK 
072 7 |a 821.161  |x Východoslovanské literatúry  |2 konspekt 
080 |a 821.161.25  |2 2011 
080 |a (0:82-14)  |2 2011 
100 1 |a Charitun, Juraj,  |d 1948-2024  |4 aut  |9 159219 
245 1 0 |a Našŷ spivanočkŷ jak d'ivčat vinočkŷ  |c Jurko Charytun 
250 |a Vydan'a perše 
264 1 |a Pr'ašiv  |b Občan'ske združin'a Kolŷsočka - Kolíska  |c 2018 
300 |a 51 strán  |b ilustrované listy  |c 30 cm 
336 |a text  |b txt  |2 rdacontent 
336 |a statický obraz  |b sti  |2 rdacontent 
336 |a zápis hudby  |b ntm  |2 rdacontent 
337 |a bez média  |b n  |2 rdamedia 
338 |a zväzok  |b nc  |2 rdacarrier 
366 |e 300 kusov 
500 |a Poznámky pod čiarou 
546 |a Názov a text v rusínčine ; tiráž súbežne v slovenčine 
650 0 7 |a rusínska literatúra  |2 SNKPH  |9 1293 
650 0 7 |a Ruthenian literature  |2 SNKPHeng  |9 327131 
655 7 |a piesne  |2 SNKPH  |9 70745 
655 7 |a Songs  |2 SNKPHeng  |9 303162 
700 1 |a Potfajová, Eva,  |d 1952-  |4 ill  |9 262314 
752 |a Slovensko  |d Prešov 
919 |a 978-80-972115-5-4 
958 |a LX 
958 |a RN 
999 |c 945809  |d 947739 
952 |a SNK  |b SNK  |y PREZ  |7 0  |p 17A1360493  |o snkSB 93862  |i snk2019/5418  |8 0  |0 0  |1 0  |4 0  |d 2019-02-27  |f 1  |l 0  |r 2025-05-15 00:00:00  |w 2026-02-24 
952 |a SNK  |b SNK  |y VYP  |7 0  |p 17A1360494  |o snkSB 93862 D1  |i snk2019/5419  |8 0  |0 0  |1 0  |4 0  |d 2019-02-27  |l 0  |r 2026-02-24 09:32:38  |w 2026-02-24